| 000 | 00696nam a22001817a 4500 | ||
|---|---|---|---|
| 999 |
_c7598 _d7598 |
||
| 003 | AR-CdUCM | ||
| 008 | 190320b ||||| |||| 00| 0 spa d | ||
| 040 |
_aMUNICIPALIDAD PROVINCIAL DEL CUSCO _cBIBLIOTECA MUNICIPAL DEL CUSCO |
||
| 082 |
_28ed. _a530 / _bG79 |
||
| 100 |
_aGran, M. F. _921448 |
||
| 245 | _aElementos de física general y experimental / | ||
| 260 |
_aNew York : _bMinerva, _c1962. |
||
| 300 |
_a271 páginas ; _bIlustraciones, _c21 cm. |
||
| 505 | _aPreliminares. Reflexión y espejos planos -- Espejos esféricos -- Refracción de la luz prisma -- Lentes esféricas -- Métodos generales diótrico esférico ... | ||
| 650 |
_aFísica _92382 |
||
| 942 |
_2ddc _cLIBROS |
||
| 945 | _aacv | ||